Normal view
MARC view
- urology
Entry Topical Term
001 - CONTROL NUMBER
- control field: 114291
003 - CONTROL NUMBER IDENTIFIER
- control field: NUST
005 - DATE AND TIME OF LATEST TRANSACTION
- control field: 20230829125729.0
008 - FIXED-LENGTH DATA ELEMENTS
- fixed length control field: 230829|| aca||aabn | a|a d
040 ## - CATALOGING SOURCE
- Original cataloging agency: NUST
- Transcribing agency: NUST
150 ## - HEADING--TOPICAL TERM
- Topical term or geographic name entry element: urology
670 ## - SOURCE DATA FOUND
- Source citation: Work cat.: (NUST): Partin, Alan W. 114290, Campbell-walsh-wein urology / , 2021.
